Sudden Death Quickfire Christmas Songs - Statistics

General Stats
  • This quiz has been taken 42 times
  • The average score is 7 of 15
Answers on the Grid
Answers color-coded by a green-red scale on the quiz's grid according to % correct below.
Last Christmas
bad b0y $£nta
All I Want For Christmas Is You
Santa Don’t Tell Me
Reet Petite
Mistletoe
Santa Got Back
Carol of the Bells
Do They Know It’s Christmas?
Jingle Bell Rockin’
Sleigh Ride
Rudolph the Big Nosed Reindeer
O Snowman
Yo Ho Ho!
Peaceful Blessings Upon You All
I Want A Hippopotamus for Christmas
Frosty the Snowman
O Holy Night
Christmas Time has Arrived
Time For Snowing
Santa Claus Ain’t Coming to town
Jingle Bells
Rockin’ Around the Christmas Tree
$ant@ g0t be@tz
Happy Xmas
Three Turtle Doves
Santa Baby
Merry Christmas Everyone
jingle them bells $@nta
Big Drummer Boy
 
Answer Stats
Answer % Correct
All I Want For Christmas Is You
92%
Last Christmas
92%
Do They Know It’s Christmas?
63%
Jingle Bells
58%
Frosty the Snowman
50%
I Want A Hippopotamus for Christmas
50%
Rockin’ Around the Christmas Tree
50%
Sleigh Ride
50%
Carol of the Bells
46%
O Holy Night
42%
Santa Baby
42%
Happy Xmas
29%
Merry Christmas Everyone
29%
Mistletoe
29%
Reet Petite
4%
No matching quizzes found
Score Distribution
Percent of People with Each Score
Percentile by Number Answered
Your Score History
You have not taken this quiz